Captain America: Civil War (2016) Characters - Statistics

General Stats
  • This quiz has been taken 37 times
  • The average score is 17 of 21
Answer Stats
Hint Answer % Correct
Chadwick Boseman Black Panther
100%
Scarlett Johansson Black Widow
100%
Chris Evans Captain America
100%
Anthony Mackie Falcon
100%
Jeremy Renner Hawk-Eye
100%
Robert Downey Jr. Iron Man
100%
Tom Holland Spider-Man
100%
Paul Bettany Vision
100%
Don Cheadle War Machine
100%
Sebastian Stan Winter Soldier
100%
Mark Ruffalo Hulk
97%
Elizabeth Olsen Scarlet Witch
97%
Paul Rudd Ant-Man
94%
Stan Lee Himself
77%
Emily van Camp Sharon Carter
71%
Daniel Bruhl Helmut Zemo
68%
Marisa Tomei May Parker
65%
William Hurt Thaddeus Ross
58%
Frank Grillo Crossbones
55%
John Slattery Howard Stark
35%
John Kani T'Chaka
29%
No matching quizzes found
Score Distribution
Percent of People with Each Score
Percentile by Number Answered
Your Score History
You have not taken this quiz